| 000 | 01078nam a2200265Ia 4500 | ||
|---|---|---|---|
| 003 | GCL | ||
| 005 | 20240530110333.0 | ||
| 008 | 140319s9999 xx 000 0 ara d | ||
| 020 | _a5101605977 | ||
| 040 |
_aGCL / _cGCL |
||
| 082 | 0 | 4 |
_a603.03 _bم م |
| 100 | 1 | _aعبدالعزيز محمود | |
| 245 | 1 | 0 |
_aمعجم المصطلحات العلمية : _bفى علوم الحشرات الحيوان التشريح وظائف الاعضاء الطب النبات الجيولوجيا الفيزياء الكمياء الرياضيات التربية وعلم النفس / _cعبدالعزيز محمود |
| 250 | _aالحادية عشر | ||
| 260 |
_aالقاهرة : _bمكتبة الانجلوالمصرية ، _c1999 |
||
| 300 |
_a741ص ؛ _c24سم |
||
| 650 | 0 | 4 | _aالمعاجم |
| 650 | 0 | 4 | _aالحشرات - التشريح |
| 650 | 0 | 4 | _aوظائف الاعضاء |
| 650 | 0 | 4 | _aالطب - النبات |
| 700 | 1 | _aمحمود عبدالرحمن البرعى | |
| 700 | 1 | _aهانئ البرعى | |
| 700 | 1 | _aحسن محمد ريحان | |
| 942 |
_2ddc _cREF |
||
| 999 |
_c59743 _d59743 |
||